00978nam a22002534aa4500003000800000005001700008008004100025040003000066041000800096044000700104082001700111100003700128245015600165260002400321300004500345500003600390502018000426650001400606653001900620653001900639653001000658653001800668700003800686BOFEUTO20260513113920.0260504t2025 bo gr 000 f spa d 6BOFEUTOaBOFEUTOcBOFEUTO aspa abo aTE6321bZ49m aZelada Calizaya, Leonardoeautor aModelo flywheel marketing para la sucursal central del gimanasio megatlon de la ciudad de Oruro. /cLeonardo Zelada Calizaya, Juan Pablo Herrera Lovera aOruro :bs/n,c2025 a133 hojas ;btab, grp´áf. ;c28.5 cm. aIncluye bibliografía, anexos. aTesis Dirigida, (Licenciatura) -- Universidad Técnica de Oruro, Facultad de Ciencias Económicas, Financieras y Administrativas, Carrera Administración de Empresas, 2025. aMarketing aCompetitividad aSostenibilidad aCiclo aInstitución aHerrera Lovera, Juan Pabloetutor